000 00850nam a2200265Ia 4500
003 OSt
005 20220926004924.0
006 a|||||r|||| 00| 0
007 ta
008 220923b |||||||| |||| 00| 0 eng d
020 _a8170364205
_c295.00
037 _b635A, 14/04/1995, Elite
_cGeneral Book
040 _aRTL
_cRTL
_beng
041 _2eng
_aeng
082 _aX9(D):991.2.N9, N4
100 _aHirway Indira
_9149244
245 0 _aTowards employment guarantee in India
260 _a New Delhi
_bSage India
_c1994
300 _a283p. Bib p. 279-83
_ccm.
490 _aIndo dutch studies on development alternatives
650 _aEngineering
_92968
700 _a Terhal Piet
_9309492
942 _hX9(D):991.2.N9, N4
_cGB
_2CC
999 _c612611
_d612611